Every Song by Less Than Jake - Statistics

General Stats
  • This quiz has been taken 10 times
  • The average score is 36 of 157
Answer Stats
Album Song % Correct
Hello Rockview(1998) All My Best Friends Are Metalheads
80%
Borders & Boundaries(2000) Gainesville Rock City
80%
anthem.(2003) She's Gonna Break Soon
80%
anthem.(2003) The Ghosts of Me and You
80%
anthem.(2003) Best Wishes to Your Black Lung
60%
anthem.(2003) Escape from the A-Bomb House
60%
Hello Rockview(1998) History of a Boring Town
60%
Pezcore(1995) Johnny Quest Thinks We're Sellouts
60%
Borders & Boundaries(2000) Kehoe
60%
Hello Rockview(1998) Nervous in the Alley
60%
Losing Streak(1996) Never Going Back to New Jersey
60%
anthem.(2003) Plastic Cup Politics
60%
anthem.(2003) The Brightest Bulb Has Burned Out / Screws Fall Out
60%
anthem.(2003) The Science of Selling Yourself Short
60%
anthem.(2003) Welcome to the New South
60%
Losing Streak(1996) 107
40%
Borders & Boundaries(2000) 1989
40%
Losing Streak(1996) 9th at Pine
40%
GNV FLA(2008) Abandon Ship
40%
Hello Rockview(1998) Al's War
40%
Losing Streak(1996) Automatic
40%
Borders & Boundaries(2000) Bad Scene and a Basement Show
40%
Pezcore(1995) Big
40%
Hello Rockview(1998) Big Crash
40%
Borders & Boundaries(2000) Bigger Picture
40%
GNV FLA(2008) City of Gainesville
40%
Hello Rockview(1998) Danny Says
40%
GNV FLA(2008) Does the Lion City Still Roar?
40%
Losing Streak(1996) Dopeman
40%
Borders & Boundaries(2000) Faction
40%
Hello Rockview(1998) Five State Drive
40%
GNV FLA(2008) Golden Age of My Negative Ways
40%
Hello Rockview(1998) Great American Sharpshooter
40%
Losing Streak(1996) Happyman
40%
Borders & Boundaries(2000) Hell Looks a Lot Like L.A.
40%
Hello Rockview(1998) Help Save the Youth of America from Exploding
40%
Losing Streak(1996) How's My Driving, Doug Hastings?
40%
Borders & Boundaries(2000) Is This Thing On?
40%
Pezcore(1995) Jen Doesn't Like Me Anymore
40%
Losing Streak(1996) Just Like Frank
40%
Borders & Boundaries(2000) Last Hour of the Last Day of Work
40%
Hello Rockview(1998) Last One Out of Liberty City
40%
Pezcore(1995) Liquor Store
40%
Losing Streak(1996) Lockdown
40%
Borders & Boundaries(2000) | anthem.(2003) Look What Happened
40%
Borders & Boundaries(2000) Magnetic North
40%
GNV FLA(2008) Malachi Richter's Liquor's Quicker
40%
Borders & Boundaries(2000) Malt Liquor Tastes Better When You've Got Problems
40%
anthem.(2003) Motown Never Sounded So Good
40%
Hello Rockview(1998) Motto
40%
Borders & Boundaries(2000) Mr. Chevy Celebrity
40%
Borders & Boundaries(2000) Pete Jackson Is Getting Married
40%
Hello Rockview(1998) Richard Allen George... No, It's Just Cheez
40%
Losing Streak(1996) Rock-n-Roll Pizzeria
40%
Hello Rockview(1998) Scott Farcas Takes It on the Chin
40%
anthem.(2003) Short Fuse Burning
40%
Borders & Boundaries(2000) Suburban Myth
40%
Losing Streak(1996) Sugar in Your Gas Tank
40%
GNV FLA(2008) Summon Monsters
40%
Hello Rockview(1998) Theme Song for H Street
40%
In with the Out Crowd(2006) The Rest of My Life
40%
GNV FLA(2008) The Space They Can't Touch
40%
GNV FLA(2008) The State of Florida
40%
See the Light(2013) A Short History Lesson
20%
Losing Streak(1996) Ask the Magic 8 Ball
20%
Pezcore(1995) Black Coffee
20%
Sound the Alarm(2017) Bomb Drop
20%
Pezcore(1995) Boomtown
20%
GNV FLA(2008) Conviction Notice
20%
GNV FLA(2008) Devil in My DNA
20%
Seasons Greetings from Less Than Jake(2012) Done and Dusted
20%
In with the Out Crowd(2006) Don't Fall Asleep on the Subway
20%
See the Light(2013) Do the Math
20%
Greetings from Less Than Jake(2011) Goodbye, Mr. Personality
20%
Pezcore(1995) Growing Up on a Couch
20%
GNV FLA(2008) Handshake Meet Pokerface
20%
See the Light(2013) Jump
20%
Losing Streak(1996) Krazy Glue
20%
In with the Out Crowd(2006) Let Her Go
20%
Pezcore(1995) My Very Own Flag
20%
Pezcore(1995) One Last Cigarette
20%
Pezcore(1995) Process
20%
Pezcore(1995) Robo
20%
GNV FLA(2008) Settling Son
20%
Losing Streak(1996) Shindo
20%
Pezcore(1995) Short on Ideas
20%
Pezcore(Bonus)(1995) Soundcheck
20%
In with the Out Crowd(2006) Soundtrack of My Life
20%
GNV FLA(2008) The Life of the Party Has Left the Building
20%
See the Light(2013) The Loudest Songs
20%
Seasons Greetings from Less Than Jake(2012) The New Auld Lang Syne
20%
GNV FLA(2008) This One Is Going to Leave a Bruise
20%
Sound the Alarm(2017) Welcome to My Life
20%
Sound the Alarm(2017) Whatever the Weather
20%
Sound the Alarm(2017) Years of Living Dangerously
20%
Pezcore(1995) 3 Quarts Drunk
0%
See the Light(2013) American Idle
0%
Borders & Boundaries(Bonus)(2002) Anchor
0%
Silver Linings(2020) Anytime and Anywhere
0%
Seasons Greetings from Less Than Jake(2012) A Return to Headphones
0%
In with the Out Crowd(2006) A Still Life Franchise
0%
Silver Linings(2020) Bill
0%
See the Light(2013) Bless the Cracks
0%
Pezcore(1995) Blindsided
0%
Sound the Alarm(2017) Call to Arms
0%
Greetings from Less Than Jake(2011) Can't Yell Any Louder
0%
Non-Album(1997) Cheese
0%
Silver Linings(2020) Dear Me
0%
Borders & Boundaries(Bonus)(2002) Down in the Mission
0%
Pezcore(1995) Downbeat
0%
Silver Linings(Bonus)(2020) Empty Lines
0%
In with the Out Crowd(2006) Fall Apart
0%
Seasons Greetings from Less Than Jake(2012) Finer Points of Forgiveness
0%
Greetings & Salutations from Less Than Jake(2012) Flag Holders Union
0%
See the Light(2013) Give Me Something to Believe In
0%
See the Light(2013) Good Enough
0%
Sound the Alarm(2017) Good Sign
0%
Greetings from Less Than Jake(2011) Harvey Wallbanger
0%
In with the Out Crowd(2006) Hopeless Case
0%
Non-Album(1997) Howie J. Reynolds
0%
In with the Out Crowd(2006) In-Dependence Day
0%
Pezcore(Bonus)(1995) Jeffersons
0%
See the Light(2013) John the Baptist Bones
0%
Silver Linings(2020) Keep on Chasing
0%
Silver Linings(2020) King of the Downside
0%
In with the Out Crowd(2006) Landmines and Landslides
0%
Pezcore(Bonus)(1995) Laverne & Shirley
0%
Silver Linings(2020) Lie to Me
0%
Greetings from Less Than Jake(2011) Life Lived Out Loud
0%
Silver Linings(2020) Lost at Home
0%
Silver Linings(2020) Monkey Wrench Myself
0%
In with the Out Crowd(2006) Mostly Memories
0%
Silver Linings(2020) Move
0%
See the Light(2013) My Money Is on the Long Shot
0%
Silver Linings(Bonus)(2020) No One to Judge Me
0%
Greetings from Less Than Jake(2011) Oldest Trick in the Book
0%
Pezcore(1995) Out of the Crowd
0%
In with the Out Crowd(2006) Overrated (Everything Is)
0%
In with the Out Crowd(2006) P.S. Shock the World
0%
Pezcore(1995) Shotgun
0%
Silver Linings(2020) So Much Less
0%
See the Light(2013) Sunstroke
0%
anthem.(2003) That's Why They Call It a Union
0%
Silver Linings(2020) The High Cost of Low Living
0%
Non-Album(2020) The Sit Around
0%
Silver Linings(2020) The Test
0%
See the Light(2013) The Troubles
0%
anthem.(2003) The Upwards War and the Down Turned Cycle
0%
Sound the Alarm(2017) Things Change
0%
Pezcore(1995) Throw the Brick
0%
Pezcore(Bonus)(1995) Time and a Half on 2nd Ave and 6th Street
0%
Pezcore(Hidden)(1995) Untitled
0%
Greetings & Salutations from Less Than Jake(2012) View from the Middle
0%
See the Light(2013) Weekends All Year Long
0%
Pezcore(1995) Where in the Hell is Mike Sinkovich?
0%
Seasons Greetings from Less Than Jake(2012) Younger Lungs
0%
No matching quizzes found
Score Distribution
Percent of People with Each Score
Percentile by Number Answered
Your Score History
You have not taken this quiz